00396nam a2200157Ia 450000500170000000800410001702000180005808200210007610000430009724500210014025000130016126000250017430000160019944000090021565000140022420241007095725.0240126s9999 xx 000 0 und d a9789350357415 a346.03 RAT;1 R aRatanlal. Dhirajlal. Sorabjee, Soil J. 4aThe law of torts a27th ed. bLexis NexisaHaryana accviii, 901 aNULL alaw,torts